000 01945nam a2200385 c 4500
001 57594
003 CO-BoRNBP
005 20250714120827.0
007 ta
008 231207s2023 ck a|||ar ||| 00| 1 spa d
020 _a9786287609143
040 _aCO-BoRNBP
_bspa
_erda
_cCO-BoRNBP
041 0 _aspa
043 _as-ve--
084 _aC
100 _aParís, Ramón,
_d1969-
_eaut
_9978
245 1 0 _aCuentos bailables /
_cRamón París ; selección musical de Pablo Larraguibel.
250 _aEdición Especial
264 1 _aBogotá, Colombia :
_bBabel,
_c2023
300 _a33 páginas :
_bilustraciones a color
336 _atexto
_btxt
_2rdacontent
337 _asin mediación
_bn
_2rdamedia
338 _avolumen
_bnc
_2rdacarrier
500 _aIncluye información biográfica de los autores
505 0 _aLado A: 1. se va el caimán. -- 2. No critiques. --3. e. otorrino laringólogo. -- 4 El orangután. Lado B: 5. El camaleón. -- 6. La piragua. -- 7Pare, cochero. -- 8. La parranda de los clásicos
520 3 _aEste libro-disco ilustrado para contar, cantar y bailar es un homenaje a la música popular caribeña, aquella que ha bailado todo el mundo. Es también una historia que atraviesa ocho canciones-cuento y que rememora con su sonido una época de salones de baile y de parranda callejera; de noche urbana y de fiesta en la playa. Un libro que desprende energía y celebra la vida y la buena música bailable, aquella que puede ser disfrutada por adultos y niños
521 _aRecomendado para un público infantil a partir de los 6 años
650 0 7 _aCuentos infantiles venezolanos
_ysiglo xxi
_2lemb
_961097
650 0 7 _aFolclor venezolano en la literatura
_2lemb
_958382
650 0 7 _aLiteratura infantil venezolana
_ysiglo xxi
_2lemb
_961098
650 0 7 _aMúsica en la literatura
_2lemb
_958383
700 _aLarraguibel, Pablo
_ecomp
_958385
700 _aParís, Ramón
_eill
_958384
942 _2loc
_cBKLITI
999 _c57594
_d57594